ბათუმის შოთა რუსთაველის სახელმწიფო უნივერსიტეტის ბიბლიოთეკა

განათლება და დასაქმება-გზა შეზღუდული შესაძლებლობის მქონე პირთა ინტეგრაციისაკენ = Education and employment-the way to integration of persons with disabilities / (ბიბ.ჩანაწერი № 53368)

000 -ლიდერი
ფიქსირებული სიგრძის საკონტროლო ველი 01596nam a2200277Ia 4500
001 - საკონტროლო ნომერი
საკონტროლო ველი 20411
003 - საკონტროლო ნომრის იდენტიფიკატორი
საკონტროლო ველი GE_BSU
005 - ბოლო ოპერაციის თარიღი და დრო
საკონტროლო ველი 20201123231040.0
008 - ფიქსირებული სიგრძის მონაცემთა ელემენტები - ზოგადი ინფორმაცია
ფიქსირებული სიგრძის საკონტროლო ველი 181216s2012||||ge |||||||||||||| ||geo||
020 ## - წიგნის საერთაშორისო სტანდარტული ნომერი
International Standard Book Number 9789941436239
040 ## - კატალოგიზაციის წყარო
Transcribing agency GE_BSU
041 ## - ენის კოდი
Language code of text/sound track or separate title geo
080 ## - უნივერსალური ათობითი კლასიფიკაციის ინდექსი
Universal Decimal Classification number 376.2+331.5 გ-20
245 ## - ცნობა სათაურის შესახებ
Title განათლება და დასაქმება-გზა შეზღუდული შესაძლებლობის მქონე პირთა ინტეგრაციისაკენ = Education and employment-the way to integration of persons with disabilities /
Statement of responsibility, etc რედ.-შემდგ. მადონა ხარებავა
264 ## - წარმოების, გამოცემის, დისტრიბუციის და სხვა ცნობები
გამოცემის, წარმოების, დისტრიბუციის... ადგილი ზუგდიდი :
გამოცემის, წარმოების, დისტრიბუციის... სახელწოდება ნეკერი,
გამოცემის, წარმოების, დისტრიბუციის... თარიღი 2012.
300 ## - ფიზიკური აღწერა
Extent 232 გვ. ;
Dimensions 20 სმ.
490 ## - სერიის ცნობა
Series statement ინვალიდ ქალთა და ინვალიდ ბავშვთა დედათა ასოციაცია-დეა
504 ## - BIBLIOGRAPHY, ETC. NOTE
Bibliography, etc ბიბლიოგრ. : გვ. 223-225
520 ## - SUMMARY, ETC.
Summary, etc თავფურ., ყდა ქართ. და ინგლ.რეზ. ინგლ.
653 ## - INDEX TERM--UNCONTROLLED
Uncontrolled term განათლება და დასაქმება
653 ## - INDEX TERM--UNCONTROLLED
Uncontrolled term ინკლუზიური განათლება
653 ## - INDEX TERM--UNCONTROLLED
Uncontrolled term შეზღუდული შესაძლებლობების პირთა დასაქმება
653 ## - INDEX TERM--UNCONTROLLED
Uncontrolled term პედაგოგიკა
700 ## - ADDED ENTRY--PERSONAL NAME
Personal name ხარებავა, მადონა
Relator term რედაქტორ-შემდგენელი
9 (RLIN) 9741
942 ## - ADDED ENTRY ELEMENTS (KOHA)
Koha item type წიგნი
Source of classification or shelving scheme
ეგზემპლარები
ჩამოწერის სტატუსი დაკარგული ეგზემპლარის სტატუსი კლასიფიკაციის წყარო ან თაროზე გაწყობის სქემა დაზიანების სტატუსი არ გაიცემა მუდმივი მდებარეობა (დაცვის ადგილი) ამჟამინდელი ადგილსამყოფელი თაროზე განთავსების ადგილი შეძენის თარიღი სრული შენახვის შიფრი შტრიხკოდი ბოლო ოპერაციის თარიღი ეგზემპლარის მიმდევრობითი ნომერი (კეტერი?) ფასის ძალაში შესვლის თარიღი ეგზემპლარის სახეობა
          ბათუმის შოთა რუსთაველის სახელმწიფო უნივერსიტეტის მთავარი ბიბლიოთეკა ბათუმის შოთა რუსთაველის სახელმწიფო უნივერსიტეტის მთავარი ბიბლიოთეკა წიგნსაცავი 2018-12-17 376.2+331.5 გ-20 53384 2018-12-17 53384 2018-12-17 წიგნი